Ausgewählte Entwicklungsprobleme der westlichen Grenzgebiete Polens.

Posudzovanie úlohy Poľska pri rozvoji hospodárskych vzťahov v Európe. Požiadavky a možnosti zahraničnej spolupráce na rôznych úrovniach. Rozvoj výskumu zameraného na medzinárodnú, štátnu, regionálnu a miestnu úroveň. Výhody Poľska vyplývajúce z jeho geografickej situácie.

Saved in:
Bibliographic Details
Main Author: Stasiak, A.
Format: Book Chapter
Language:German
Subjects:
Tags: Add Tag
No Tags, Be the first to tag this record!

MARC

LEADER 00000naa a2200000 4500
001 r011683
005 20221208123040.2
041 0 |a ger 
044 |a DE 
245 1 0 |a Ausgewählte Entwicklungsprobleme der westlichen Grenzgebiete Polens.  |c A. Stasiak 
520 |a Posudzovanie úlohy Poľska pri rozvoji hospodárskych vzťahov v Európe. Požiadavky a možnosti zahraničnej spolupráce na rôznych úrovniach. Rozvoj výskumu zameraného na medzinárodnú, štátnu, regionálnu a miestnu úroveň. Výhody Poľska vyplývajúce z jeho geografickej situácie. 
610 2 0 |a vzťahy hospodárske vonkajšie 
610 2 0 |a spolupráca hospodárska medzinárodná 
610 2 0 |a regióny 
610 2 0 |a pohraničie 
610 2 0 |a PR 
610 2 0 |a Európa 
100 1 |a Stasiak, A.